[Event "FIDE WY-U16 Olympiad 2022"]
[Site "Nakhchivan"]
[Date "2022.10.07"]
[Round "6.22"]
[White "Paredes Guzman, Francisco Javier"]
[Black "Zhakshylykov, Erzhan"]
[Result "0-1"]
[WhiteElo "2023"]
[BlackElo "2260"]
[Annotator "TA"]
[PlyCount "92"]
[EventDate "2022.10.02"]
[EventType "team-tourn"]
[EventCountry "AZE"]
[SourceTitle "playchess.com"]
[Source "ChessBase"]
[SourceQuality "1"]
[WhiteTeam "Mexico"]
[BlackTeam "Kyrgyzstan"]
[WhiteTeamCountry "MEX"]
[BlackTeamCountry "KGZ"]

1. d4 Nf6 2. Nf3 d5 3. c4 e6 4. g3 Bb4+ 5. Bd2 Be7 6. Bg2 O-O 7. Qc2 Nbd7 8. O-O c6 9. Rd1 Ne4 10. Be3 Nd6 11. c5 Nc4 12. Bc1 b6 13. b3 Na5 14. b4 Nc4 15. Nbd2 Ba6 16. Nb3 f5 17. Ne1 Bf6 18. Nd3 Qe7 19. a4 b5 20. Bb2 bxa4 21. Rxa4 Bb5 22. Raa1 g5 23. Na5 a6 24. Nb7 Rab8 25. Na5 Qg7 26. Nb3 h5 27. Bc1 Kf7 28. f4 Bxd4+ 29. Kh1 Bxa1 30. fxg5 Ba4 31. g6+ Kg8 32. Qa2 Bxb3 33. Qxb3 a5 34. Nf4 Nxc5 35. Qf3 axb4 36. Nxh5 Qxg6 37. Nf4 Qf7 38. g4 Bg7 39. g5 Ne5 40. Qh3 Ng6 41. Bf3 Ne4 42. Qg2 e5 43. Nh5 b3 44. Bb2 Nh4 45. Qf1 Nxf3 46. Qxf3 Nxg5 0-1

[Event "FIDE WY-U16 Olympiad 2022"]
[Site "Nakhchivan"]
[Date "2022.10.07"]
[Round "6.22"]
[White "Chen, Rachel Ruoxuan"]
[Black "Nwedo, Khodani"]
[Result "1/2-1/2"]
[WhiteElo "1805"]
[BlackElo "1356"]
[Annotator "NA RC COMBH"]
[PlyCount "65"]
[EventDate "2022.10.02"]
[EventType "team-tourn"]
[EventCountry "AZE"]
[SourceTitle "playchess.com"]
[Source "ChessBase"]
[SourceQuality "1"]
[WhiteTeam "Canada"]
[BlackTeam "South Africa"]
[WhiteTeamCountry "CAN"]
[BlackTeamCountry "RSA"]

1. e4 c5 2. Nf3 d6 3. d4 cxd4 4. Nxd4 Nf6 5. Nc3 g6 6. Be3 Bg7 7. f3 O-O 8. Qd2 Nc6 9. O-O-O d5 10. exd5 Nxd5 11. Nxc6 bxc6 12. Bd4 e5 13. Bc5 Re8 14. Ne4 Qc7 15. Bc4 Be6 16. h4 Red8 17. Qf2 Nf4 18. Bxe6 Nxe6 19. Be3 Qa5 20. Kb1 Rab8 21. g4 f5 22. gxf5 gxf5 23. Nc5 Rxb2+ 24. Kxb2 e4+ 25. Kb1 Rb8+ 26. Nb3 Qc3 27. Kc1 f4 28. Bxf4 Nxf4 29. fxe4 Qb2+ 30. Kd2 Qc3+ 31. Kc1 Qb2+ 32. Kd2 Qc3+ 33. Kc1 1/2-1/2

[Event "FIDE WY-U16 Olympiad 2022"]
[Site "Nakhchivan"]
[Date "2022.10.07"]
[Round "6.23"]
[White "Iunusov, Nuriddin"]
[Black "Zacarias Rodriguez, Santiago"]
[Result "1/2-1/2"]
[WhiteElo "1940"]
[BlackElo "2123"]
[Annotator "TA"]
[PlyCount "88"]
[EventDate "2022.10.02"]
[EventType "team-tourn"]
[EventCountry "AZE"]
[SourceTitle "playchess.com"]
[Source "ChessBase"]
[SourceQuality "1"]
[WhiteTeam "Kyrgyzstan"]
[BlackTeam "Mexico"]
[WhiteTeamCountry "KGZ"]
[BlackTeamCountry "MEX"]

1. d4 Nf6 2. c4 c5 3. Nf3 cxd4 4. Nxd4 e5 5. Nb5 d5 6. cxd5 Bc5 7. e3 O-O 8. N5c3 Bf5 9. Bc4 Nbd7 10. O-O e4 11. Nd2 Rc8 12. Be2 Nb6 13. Nb3 Nbxd5 14. Nxd5 Qxd5 15. Bd2 Be6 16. Nxc5 Qxc5 17. Qa4 Qc2 18. Qb4 Rfd8 19. Rfd1 Bc4 20. Bxc4 Rxc4 21. Qb3 h6 22. Bc3 Rxd1+ 23. Rxd1 Qxb3 24. axb3 Rc6 25. Rd8+ Kh7 26. Rd4 Kg6 27. Rc4 Nd5 28. Bd4 a6 29. Kf1 f6 30. Ke2 Kf5 31. f3 exf3+ 32. gxf3 Ke6 33. Rxc6+ bxc6 34. Kd3 Kd6 35. Ke4 Ke6 36. Kd3 Kd6 37. Ke4 g6 38. Kd3 f5 39. Bg7 h5 40. h4 f4 41. e4 Ne3 42. Bh6 Ke5 43. Bg7+ Ke6 44. Bh6 Ke5 1/2-1/2

[Event "FIDE WY-U16 Olympiad 2022"]
[Site "Nakhchivan"]
[Date "2022.10.07"]
[Round "6.23"]
[White "Boshoma, Chisomo"]
[Black "Zhao, Jeffrey Renfei"]
[Result "0-1"]
[WhiteElo "1466"]
[BlackElo "1807"]
[Annotator "NA RC COMBH"]
[PlyCount "102"]
[EventDate "2022.10.02"]
[EventType "team-tourn"]
[EventCountry "AZE"]
[SourceTitle "playchess.com"]
[Source "ChessBase"]
[SourceQuality "1"]
[WhiteTeam "South Africa"]
[BlackTeam "Canada"]
[WhiteTeamCountry "RSA"]
[BlackTeamCountry "CAN"]

1. e4 c5 2. Nf3 d6 3. d4 cxd4 4. Nxd4 Nf6 5. Nc3 a6 6. f3 e5 7. Nb3 Be6 8. Be3 Be7 9. Nd2 Qc7 10. a4 O-O 11. Bd3 Nc6 12. O-O Nb4 13. Qe2 Rac8 14. Rfd1 d5 15. exd5 Nbxd5 16. Nxd5 Nxd5 17. Nf1 Nxe3 18. Nxe3 f5 19. c3 Bc5 20. Kh1 Ba7 21. Re1 g6 22. Rad1 Kg7 23. Bc2 Rfd8 24. Rd2 Rxd2 25. Qxd2 Rd8 26. Qe2 Qc5 27. Nd1 Bc4 28. Qxe5+ Qxe5 29. Rxe5 Rd2 30. Re7+ Kf6 31. Rxb7 Rxc2 32. Rxa7 Rc1 33. Rd7 Bb3 34. h3 Rxd1+ 35. Rxd1 Bxd1 36. a5 Ke5 37. Kg1 f4 38. b4 Kd5 39. Kf2 Kc4 40. Ke1 Bc2 41. Kd2 Bf5 42. h4 h5 43. Kc1 Kxc3 44. b5 axb5 45. a6 b4 46. a7 b3 47. a8=Q b2+ 48. Kd1 b1=Q+ 49. Ke2 Qd3+ 50. Ke1 Qe3+ 51. Kd1 Bc2# 0-1

[Event "FIDE WY-U16 Olympiad 2022"]
[Site "Nakhchivan"]
[Date "2022.10.07"]
[Round "6.24"]
[White "Hernandez Diaz, Paula Sofia"]
[Black "Berdibaeva, Edisa"]
[Result "1-0"]
[WhiteElo "1759"]
[BlackElo "1617"]
[Annotator "NA RC COMBH"]
[PlyCount "87"]
[EventDate "2022.10.02"]
[EventType "team-tourn"]
[EventCountry "AZE"]
[SourceTitle "playchess.com"]
[Source "ChessBase"]
[SourceQuality "1"]
[WhiteTeam "Mexico"]
[BlackTeam "Kyrgyzstan"]
[WhiteTeamCountry "MEX"]
[BlackTeamCountry "KGZ"]

1. c4 e5 2. g3 Nf6 3. Bg2 Nc6 4. Nc3 Bb4 5. Nd5 Bc5 6. e3 O-O 7. Ne2 Re8 8. O-O a5 9. d4 Ba7 10. Nxf6+ Qxf6 11. d5 Nb8 12. b3 d6 13. Bb2 Qh6 14. a3 Bg4 15. Qd2 Nd7 16. b4 Bb6 17. Rfc1 e4 18. Nd4 Bxd4 19. Qxd4 f5 20. h3 Bf3 21. Bxf3 exf3 22. c5 Nf6 23. Qd1 Qxh3 24. Qxf3 Ng4 25. Qg2 Qh6 26. Bd4 Qg6 27. Rd1 Ne5 28. Rac1 axb4 29. axb4 Ng4 30. Rd2 Nf6 31. cxd6 cxd6 32. Rc7 Rec8 33. Rdc2 Rxc7 34. Rxc7 b5 35. Qf1 Ne8 36. Re7 Rb8 37. Qa1 Rc8 38. Kg2 Rc7 39. Re6 Qf7 40. Qa8 Re7 41. Rxd6 h6 42. Rd8 Kh7 43. d6 Re6 44. d7 1-0

[Event "FIDE WY-U16 Olympiad 2022"]
[Site "Nakhchivan"]
[Date "2022.10.07"]
[Round "6.24"]
[White "Jiang, Kate Yuhua"]
[Black "Nel, Hayley"]
[Result "1-0"]
[WhiteElo "1649"]
[BlackElo "1191"]
[Annotator "NA RC COMBH"]
[PlyCount "115"]
[EventDate "2022.10.02"]
[EventType "team-tourn"]
[EventCountry "AZE"]
[SourceTitle "playchess.com"]
[Source "ChessBase"]
[SourceQuality "1"]
[WhiteTeam "Canada"]
[BlackTeam "South Africa"]
[WhiteTeamCountry "CAN"]
[BlackTeamCountry "RSA"]

1. e4 e5 2. Bc4 Bc5 3. Nf3 Nc6 4. d3 Nf6 5. O-O a6 6. c3 d6 7. b4 Ba7 8. h3 h6 9. Re1 O-O 10. Nbd2 Re8 11. a4 a5 12. Qb3 Be6 13. b5 Bxc4 14. Nxc4 Ne7 15. Rb1 Nd7 16. Ba3 Nc5 17. Bxc5 Bxc5 18. Ne3 Ng6 19. g3 Qd7 20. Kg2 Bxe3 21. Rxe3 Qe6 22. b6 Qxb3 23. Rxb3 c6 24. d4 Rac8 25. Nd2 Red8 26. Nc4 Ra8 27. Rd3 d5 28. exd5 e4 29. Rd2 cxd5 30. Ne3 Ne7 31. Rb5 Ra6 32. Rdb2 Rd6 33. Kf1 Kf8 34. Ke2 Ke8 35. Rc5 Raxb6 36. Rxb6 Rxb6 37. Nxd5 Nxd5 38. Rxd5 Rc6 39. Kd2 b6 40. Re5+ Kd7 41. Rxe4 Rc4 42. Rg4 g5 43. d5 Rc5 44. c4 Kd6 45. Re4 Rc7 46. Kc3 Kc5 47. Re2 Kd6 48. Rb2 Rb7 49. Kd4 Rb8 50. Rb3 Rb7 51. Rf3 Ke7 52. Ke5 h5 53. d6+ Kf8 54. Kd5 Ke8 55. Kc6 Rd7 56. Rd3 f5 57. Kxb6 h4 58. c5 1-0

[Event "FIDE WY-U16 Olympiad 2022"]
[Site "Nakhchivan"]
[Date "2022.10.07"]
[Round "6.25"]
[White "Omonov, Asrorjon"]
[Black "Caputcuoglu, Zeki Berke"]
[Result "1-0"]
[WhiteElo "2064"]
[BlackElo "2370"]
[Annotator "TA"]
[PlyCount "117"]
[EventDate "2022.10.02"]
[EventType "team-tourn"]
[EventCountry "AZE"]
[SourceTitle "playchess.com"]
[Source "ChessBase"]
[SourceQuality "1"]
[WhiteTeam "Uzbekistan"]
[BlackTeam "Turkey"]
[WhiteTeamCountry "UZB"]
[BlackTeamCountry "TUR"]

1. d4 Nf6 2. Nf3 g6 3. Bg5 Bg7 4. Nbd2 d5 5. e3 O-O 6. Bd3 c5 7. c3 Nbd7 8. O-O Re8 9. h3 e5 10. dxe5 Nxe5 11. Nxe5 Rxe5 12. Nf3 Re8 13. Qa4 a6 14. Rfd1 h6 15. Bxf6 Bxf6 16. Qf4 g5 17. Qa4 Qe7 18. Nh2 Bg7 19. Qc2 Be6 20. Rd2 Rac8 21. Qd1 f5 22. Be2 Red8 23. Bf3 Qf7 24. Bh5 Qc7 25. Bf3 Be5 26. Nf1 Qf7 27. Qe2 Rd7 28. Rad1 Rcd8 29. g3 Qg7 30. Bg2 Qg6 31. Nh2 Bf6 32. c4 d4 33. exd4 Bxd4 34. Nf3 Qf6 35. Nxd4 cxd4 36. Re1 Bf7 37. Qd3 Kg7 38. b3 Rc7 39. Bd5 Rcd7 40. Qxd4 Bxd5 41. cxd5 Qxd4 42. Rxd4 Kf7 43. Re5 Kf6 44. Re6+ Kg7 45. Rb6 Rf8 46. Kf1 Rf6 47. d6 Rff7 48. Ke2 Kf6 49. Kd3 Ke6 50. Kc4 Rf8 51. Rd2 Kf6 52. Re2 Rc8+ 53. Kd5 Kf7 54. Re5 f4 55. gxf4 gxf4 56. Rf5+ Kg6 57. Rxf4 Re8 58. Re4 Rf8 59. Re7 1-0

[Event "FIDE WY-U16 Olympiad 2022"]
[Site "Nakhchivan"]
[Date "2022.10.07"]
[Round "6.25"]
[White "Mendez Machado, Andre"]
[Black "Arkadan, Adib"]
[Result "1/2-1/2"]
[WhiteElo "2009"]
[BlackElo "1928"]
[Annotator "TA"]
[PlyCount "61"]
[EventDate "2022.10.02"]
[EventType "team-tourn"]
[EventCountry "AZE"]
[SourceTitle "playchess.com"]
[Source "ChessBase"]
[SourceQuality "1"]
[WhiteTeam "Panama"]
[BlackTeam "Lebanon"]
[WhiteTeamCountry "PAN"]
[BlackTeamCountry "LBN"]

1. e4 c5 2. Nc3 a6 3. d4 cxd4 4. Qxd4 Nc6 5. Qe3 Nf6 6. Nf3 d6 7. b3 e6 8. Bb2 Be7 9. O-O-O Qc7 10. h3 b5 11. g4 Bb7 12. g5 Nd7 13. Rg1 O-O-O 14. Nd4 Nc5 15. Nxc6 Qxc6 16. f3 Qb6 17. Kb1 Na4 18. Qxb6 Nxb6 19. a4 bxa4 20. Nxa4 Nxa4 21. bxa4 Rhg8 22. Bc4 g6 23. h4 Rd7 24. Bd4 Kb8 25. Rge1 Rc8 26. Bb3 Bc6 27. Bb2 Rcd8 28. Ba3 Bf8 29. Bb2 Be7 30. Ba3 Bf8 31. Bb2 1/2-1/2

[Event "FIDE WY-U16 Olympiad 2022"]
[Site "Nakhchivan"]
[Date "2022.10.07"]
[Round "6.26"]
[White "Taspinar, Yanki"]
[Black "Khamdamova, Afruza"]
[Result "1/2-1/2"]
[WhiteElo "2325"]
[BlackElo "2118"]
[Annotator "TA"]
[PlyCount "103"]
[EventDate "2022.10.02"]
[EventType "team-tourn"]
[EventCountry "AZE"]
[SourceTitle "playchess.com"]
[Source "ChessBase"]
[SourceQuality "1"]
[WhiteTeam "Turkey"]
[BlackTeam "Uzbekistan"]
[WhiteTeamCountry "TUR"]
[BlackTeamCountry "UZB"]

1. e4 e5 2. Nf3 Nf6 3. Nxe5 d6 4. Nf3 Nxe4 5. c4 Be7 6. Nc3 Nxc3 7. dxc3 Nc6 8. Be2 O-O 9. O-O Bf6 10. Be3 b6 11. Qc2 Bb7 12. Rad1 Ne5 13. Nd4 Re8 14. Rfe1 Qd7 15. h3 a6 16. Bf4 Ng6 17. Bg4 Qd8 18. Bg3 Be5 19. Qd3 Qf6 20. Bd7 Bxg3 21. Rxe8+ Rxe8 22. Qxg3 Re7 23. Bg4 Nf4 24. Bf3 Bxf3 25. Qxf3 h6 26. Kf1 c5 27. Nb3 Qe5 28. Nc1 Ng6 29. Kg1 Qe6 30. b3 Qe5 31. g3 Kh7 32. Kg2 Re6 33. Kf1 Rf6 34. Qd3 Qh5 35. h4 Qg4 36. Re1 Rf3 37. Re3 Rxe3 38. Qxe3 Qd1+ 39. Kg2 Qc2 40. h5 Ne5 41. Ne2 f5 42. Nf4 Qxa2 43. Ng6 Qxb3 44. Nxe5 dxe5 45. Qd3 e4 46. Qd5 Kh8 47. Qd8+ Kh7 48. Qd5 Kh8 49. Qd8+ Kh7 50. Qd5 Kh8 51. Qd8+ Kh7 52. Qd5 1/2-1/2

[Event "FIDE WY-U16 Olympiad 2022"]
[Site "Nakhchivan"]
[Date "2022.10.07"]
[Round "6.26"]
[White "Karam, Youssef Mark"]
[Black "Batista Rosas, Nicolas Arturo"]
[Result "0-1"]
[WhiteElo "1522"]
[BlackElo "1941"]
[Annotator "TA"]
[PlyCount "28"]
[EventDate "2022.10.02"]
[EventType "team-tourn"]
[EventCountry "AZE"]
[SourceTitle "playchess.com"]
[Source "ChessBase"]
[SourceQuality "1"]
[WhiteTeam "Lebanon"]
[BlackTeam "Panama"]
[WhiteTeamCountry "LBN"]
[BlackTeamCountry "PAN"]

1. d4 d5 2. Nf3 Nf6 3. c4 c6 4. g3 dxc4 5. Bg2 g6 6. Ne5 Be6 7. O-O Bg7 8. a4 Bd5 9. Nc3 Bxg2 10. Kxg2 Nd5 11. Nxc4 Nxc3 12. Qb3 Qd5+ 13. e4 Nxe4 14. Qxb7 Nc5+ 0-1

[Event "FIDE WY-U16 Olympiad 2022"]
[Site "Nakhchivan"]
[Date "2022.10.07"]
[Round "6.27"]
[White "Abdukhakimov, Akbarali"]
[Black "Camlar, Arda"]
[Result "1-0"]
[WhiteElo "1777"]
[BlackElo "2322"]
[Annotator "TA"]
[PlyCount "67"]
[EventDate "2022.10.02"]
[EventType "team-tourn"]
[EventCountry "AZE"]
[SourceTitle "playchess.com"]
[Source "ChessBase"]
[SourceQuality "1"]
[WhiteTeam "Uzbekistan"]
[BlackTeam "Turkey"]
[WhiteTeamCountry "UZB"]
[BlackTeamCountry "TUR"]

1. d4 Nf6 2. c4 g6 3. Nc3 Bg7 4. e4 d6 5. f3 O-O 6. Be3 Nc6 7. Nge2 a6 8. Qd2 Na5 9. Nc1 Nd7 10. b4 Nc6 11. Rb1 e5 12. d5 Nd4 13. N1e2 a5 14. a3 axb4 15. axb4 f5 16. Nxd4 exd4 17. Bxd4 Bxd4 18. Qxd4 Ne5 19. Be2 Qf6 20. Rd1 fxe4 21. Nxe4 Qh4+ 22. Qf2 Qh6 23. Qd4 Qh4+ 24. Qf2 Qh6 25. Qd4 Ra2 26. Rd2 Qh4+ 27. g3 Rxd2 28. Kxd2 Qh3 29. f4 Qg2 30. fxe5 dxe5 31. Qxe5 Qxh1 32. Nf6+ Kf7 33. Nxh7 Re8 34. Ng5+ 1-0

[Event "FIDE WY-U16 Olympiad 2022"]
[Site "Nakhchivan"]
[Date "2022.10.07"]
[Round "6.27"]
[White "Castillo Beitia, Ashley Alexandra"]
[Black "Fawaz, Mohamad"]
[Result "1/2-1/2"]
[WhiteElo "1674"]
[BlackElo "1553"]
[Annotator "NA RC COMBH"]
[PlyCount "201"]
[EventDate "2022.10.02"]
[EventType "team-tourn"]
[EventCountry "AZE"]
[SourceTitle "playchess.com"]
[Source "ChessBase"]
[SourceQuality "1"]
[WhiteTeam "Panama"]
[BlackTeam "Lebanon"]
[WhiteTeamCountry "PAN"]
[BlackTeamCountry "LBN"]

1. d4 d5 2. c4 c6 3. Nc3 Nf6 4. Nf3 dxc4 5. e4 b5 6. Be2 e6 7. O-O Bb7 8. b3 Bb4 9. e5 Bxc3 10. exf6 gxf6 11. Rb1 c5 12. bxc4 b4 13. Be3 Rg8 14. dxc5 Qxd1 15. Rbxd1 Nd7 16. g3 Rc8 17. Nd4 a6 18. Nb3 Ne5 19. f4 Ng4 20. Bd4 h5 21. Bxc3 bxc3 22. Bf3 Bxf3 23. Rxf3 c2 24. Rc1 Nh6 25. Rxc2 Nf5 26. Rd2 h4 27. Kf2 hxg3+ 28. hxg3 Rh8 29. Rfd3 Rh2+ 30. Kf3 Rxd2 31. Rxd2 a5 32. g4 Nh4+ 33. Kg3 Ng6 34. Nxa5 Rxc5 35. Nb7 Rc7 36. Nd6+ Kf8 37. a4 Rc5 38. f5 Ne5 39. fxe6 fxe6 40. Rf2 Ke7 41. Ne4 Rxc4 42. Nxf6 Rxa4 43. Ng8+ Kd8 44. Rf4 Ra3+ 45. Kg2 Kc7 46. Nf6 Kd6 47. Rd4+ Ke7 48. Nh5 Ng6 49. Ng3 Kf6 50. Ne2 Kg5 51. Kf2 Ne5 52. Kg2 Nxg4 53. Nf4 Ne3+ 54. Kf2 e5 55. Nh3+ Kf5 56. Rd8 Ng4+ 57. Kg2 Ra2+ 58. Kg3 Nf6 59. Nf2 Ra3+ 60. Kg2 Ra2 61. Kg3 Nh5+ 62. Kf3 Ra3+ 63. Ke2 Ng3+ 64. Kd2 Nh5 65. Ke2 Ra2+ 66. Kf3 e4+ 67. Nxe4 Ra3+ 68. Kf2 Kxe4 69. Re8+ Kf5 70. Re3 Ra4 71. Rb3 Nf6 72. Ke3 Nd5+ 73. Kd3 Ke5 74. Rb5 Rd4+ 75. Kc2 Ke4 76. Rb8 Ne3+ 77. Kb1 Kd3 78. Rb3+ Kd2 79. Rb2+ Kc3 80. Rh2 Rb4+ 81. Kc1 Rd4 82. Kb1 Nc4 83. Rh3+ Kb4 84. Kc2 Rd2+ 85. Kc1 Rg2 86. Rh8 Rf2 87. Rh3 Re2 88. Kd1 Ra2 89. Rh8 Ne3+ 90. Ke1 Kc3 91. Rc8+ Kd4 92. Rd8+ Nd5 93. Kf1 Ke4 94. Ke1 Ke3 95. Re8+ Kf3 96. Rf8+ Nf4 97. Kd1 Ke3 98. Re8+ Kf3 99. Rf8 Ra3 100. Kd2 Re3 101. Rf7 1/2-1/2

[Event "FIDE WY-U16 Olympiad 2022"]
[Site "Nakhchivan"]
[Date "2022.10.07"]
[Round "6.28"]
[White "Alagoz, Zumra Meryem"]
[Black "Botiraliev, Abdumajid"]
[Result "0-1"]
[WhiteElo "1800"]
[BlackElo "1552"]
[Annotator "NA RC COMBH"]
[PlyCount "184"]
[EventDate "2022.10.02"]
[EventType "team-tourn"]
[EventCountry "AZE"]
[SourceTitle "playchess.com"]
[Source "ChessBase"]
[SourceQuality "1"]
[WhiteTeam "Turkey"]
[BlackTeam "Uzbekistan"]
[WhiteTeamCountry "TUR"]
[BlackTeamCountry "UZB"]

1. Nf3 Nf6 2. b3 d5 3. Bb2 c6 4. g3 Bg4 5. Bg2 Nbd7 6. O-O e6 7. d4 Be7 8. Nbd2 O-O 9. Ne5 Nxe5 10. dxe5 Nd7 11. h3 Bh5 12. g4 Bg6 13. e4 Qa5 14. f4 Bc5+ 15. Kh1 Be3 16. Nb1 h6 17. f5 Bh7 18. exd5 cxd5 19. c4 Nb6 20. cxd5 Nxd5 21. Na3 Nb6 22. Qe2 Bg5 23. Nb5 a6 24. Nd6 Nd5 25. Nc4 Qb5 26. a4 Qc6 27. Bc1 b5 28. Bxg5 hxg5 29. axb5 axb5 30. Nd6 Rxa1 31. Rxa1 Qc3 32. Qe1 Qxb3 33. Rb1 Qc2 34. Rxb5 Nf4 35. Be4 Qa2 36. Qc3 Qf2 37. Qf3 Qe1+ 38. Kh2 Qd2+ 39. Kh1 Ne2 40. Rb1 exf5 41. gxf5 Nc3 42. Rg1 Qd4 43. Rxg5 Qxe5 44. Qg3 Qxg3 45. Rxg3 Nxe4 46. Nxe4 Bxf5 47. Nf2 f6 48. Kg2 Kf7 49. Kf3 Ra8 50. Kf4 Ra4+ 51. Kf3 g5 52. Kg2 Ra2 53. Kg1 Ra5 54. Rc3 Ke6 55. Re3+ Kf7 56. Rb3 Kg6 57. Rb6 Ra1+ 58. Kg2 Ra2 59. Kg1 Ra4 60. Kg2 Rf4 61. Kg3 Bc2 62. Rd6 Bf5 63. Ng4 Bxg4 64. hxg4 Ra4 65. Rb6 Ra3+ 66. Kg2 Kf7 67. Rc6 Re3 68. Kf2 Re6 69. Rc7+ Kg6 70. Rc5 Rd6 71. Ra5 Kf7 72. Ke3 Ke6 73. Ke4 Rb6 74. Kf3 Rb3+ 75. Kf2 Rd3 76. Rb5 Rd5 77. Rb6+ Ke5 78. Ke3 Ra5 79. Rb4 Ra3+ 80. Kf2 Rd3 81. Rb6 Rd6 82. Rb4 Rd4 83. Rb5+ Kf4 84. Rf5+ Kxg4 85. Rxf6 Rf4+ 86. Rxf4+ Kxf4 87. Kg2 Kg4 88. Kh2 Kf3 89. Kh3 g4+ 90. Kh2 Kf2 91. Kh1 Kg3 92. Kg1 Kh3 0-1

[Event "FIDE WY-U16 Olympiad 2022"]
[Site "Nakhchivan"]
[Date "2022.10.07"]
[Round "6.28"]
[White "Fawaz, Nadia"]
[Black "Ibanez Zanetti, Sebastian Andres"]
[Result "1/2-1/2"]
[WhiteElo "1385"]
[BlackElo "1433"]
[Annotator "NA RC COMBH"]
[PlyCount "90"]
[EventDate "2022.10.02"]
[EventType "team-tourn"]
[EventCountry "AZE"]
[SourceTitle "playchess.com"]
[Source "ChessBase"]
[SourceQuality "1"]
[WhiteTeam "Lebanon"]
[BlackTeam "Panama"]
[WhiteTeamCountry "LBN"]
[BlackTeamCountry "PAN"]

1. d4 d5 2. c4 e6 3. Nc3 Nf6 4. cxd5 exd5 5. Bg5 Be7 6. e3 O-O 7. Bd3 c6 8. Qc2 Nbd7 9. Nge2 Re8 10. f3 h6 11. Bh4 c5 12. O-O c4 13. Bf5 Nf8 14. Bf2 Bd6 15. Bxc8 Rxc8 16. e4 dxe4 17. fxe4 Ng4 18. e5 Be7 19. Qf5 Qd7 20. Qxd7 Nxd7 21. Bg3 Nb6 22. Rf3 h5 23. Raf1 Nh6 24. h3 g6 25. Be1 Rcd8 26. Nb5 Rd7 27. Bd2 Bf8 28. Bxh6 Bxh6 29. Nd6 Rxd6 30. exd6 Rxe2 31. Rxf7 Re8 32. Rxb7 Rd8 33. Rf6 Be3+ 34. Kh1 Bxd4 35. Rxg6+ Kf8 36. Rxa7 Nc8 37. Ra5 Kf7 38. Rh6 Bxb2 39. Raxh5 Rxd6 40. Rh7+ Ke6 41. Rc5 Nb6 42. Rh6+ Kd7 43. Rh7+ Ke6 44. Rh6+ Kd7 45. Rh7+ Ke6 1/2-1/2

[Event "FIDE WY-U16 Olympiad 2022"]
[Site "Nakhchivan"]
[Date "2022.10.07"]
[Round "6.29"]
[White "Ismayilova, Khanim"]
[Black "Levitan, Caleb Levi"]
[Result "1/2-1/2"]
[WhiteElo "1848"]
[BlackElo "2063"]
[Annotator "TA"]
[PlyCount "77"]
[EventDate "2022.10.02"]
[EventType "team-tourn"]
[EventCountry "AZE"]
[SourceTitle "playchess.com"]
[Source "ChessBase"]
[SourceQuality "1"]
[WhiteTeam "Azerbaijan"]
[BlackTeam "South Africa"]
[WhiteTeamCountry "AZE"]
[BlackTeamCountry "RSA"]

1. c4 e6 2. Nc3 d5 3. e3 Nf6 4. d4 a6 5. Nf3 dxc4 6. Bxc4 b5 7. Bd3 Bb7 8. O-O Nbd7 9. b3 c5 10. Bb2 Rc8 11. Rc1 Qb6 12. Bb1 Be7 13. Qe2 O-O 14. Rfd1 Rfd8 15. h3 Nf8 16. dxc5 Bxc5 17. Ng5 Ng6 18. Nce4 Nxe4 19. Bxe4 Be7 20. Bxb7 Qxb7 21. Nf3 h6 22. Rxd8+ Rxd8 23. Qc2 Nh4 24. Nxh4 Bxh4 25. Rd1 Rc8 26. Qe2 Qe4 27. Kh2 Be7 28. Rc1 Bd6+ 29. Kg1 Rxc1+ 30. Bxc1 Qb1 31. Qb2 Qe4 32. g3 h5 33. Qd4 Qc6 34. Bb2 Bf8 35. h4 Qc2 36. Kg2 b4 37. Ba1 Qb1 38. Bb2 Qc2 39. e4 1/2-1/2

[Event "FIDE WY-U16 Olympiad 2022"]
[Site "Nakhchivan"]
[Date "2022.10.07"]
[Round "6.30"]
[White "Karsten, Jan"]
[Black "Nuriyeva, Nurtan"]
[Result "1-0"]
[WhiteElo "1985"]
[BlackElo "1651"]
[Annotator "TA"]
[PlyCount "64"]
[EventDate "2022.10.02"]
[EventType "team-tourn"]
[EventCountry "AZE"]
[SourceTitle "playchess.com"]
[Source "ChessBase"]
[SourceQuality "1"]
[WhiteTeam "South Africa"]
[BlackTeam "Azerbaijan"]
[WhiteTeamCountry "RSA"]
[BlackTeamCountry "AZE"]

1. e4 c5 2. Nf3 d6 3. Bb5+ Nd7 4. a4 a6 5. Be2 Ngf6 6. Nc3 g6 7. O-O Bg7 8. a5 O-O 9. d3 b5 10. axb6 Nxb6 11. Qd2 Bb7 12. Qg5 c4 13. Qa5 cxd3 14. cxd3 Nbd7 15. h3 Qxa5 16. Rxa5 Rfb8 17. Be3 Bc8 18. Ra2 h6 19. d4 Ne8 20. Nd2 e5 21. d5 f5 22. f3 f4 23. Bf2 Bf6 24. Rfa1 Kf7 25. Bb5 a5 26. Rxa5 Rxa5 27. Rxa5 Bd8 28. Ra7 Nc7 29. Nc4 Ke7 30. Bxd7 Bxd7 31. Bb6 Rc8 32. Ba5 Ra8 1-0

[Event "FIDE WY-U16 Olympiad 2022"]
[Site "Nakhchivan"]
[Date "2022.10.07"]
[Round "6.31"]
[White "Huseynli, Ayan"]
[Black "Badenhorst, Chloe"]
[Result "0-1"]
[WhiteElo "1492"]
[BlackElo "1687"]
[Annotator "NA RC COMBH"]
[PlyCount "78"]
[EventDate "2022.10.02"]
[EventType "team-tourn"]
[EventCountry "AZE"]
[SourceTitle "playchess.com"]
[Source "ChessBase"]
[SourceQuality "1"]
[WhiteTeam "Azerbaijan"]
[BlackTeam "South Africa"]
[WhiteTeamCountry "AZE"]
[BlackTeamCountry "RSA"]

1. d4 Nf6 2. Nc3 d5 3. Bg5 h6 4. Bxf6 exf6 5. e3 c6 6. Bd3 Nd7 7. Nge2 g6 8. Nf4 f5 9. h4 h5 10. a3 a5 11. Nce2 Nb6 12. a4 Bd6 13. b3 Qe7 14. c4 Bb4+ 15. Kf1 dxc4 16. bxc4 Nd7 17. d5 Ne5 18. Nd4 Bd7 19. Be2 Rc8 20. dxc6 Bxc6 21. Nxc6 bxc6 22. Qc2 Rd8 23. Rd1 O-O 24. Nd3 Nxd3 25. Rxd3 Qe4 26. Rh3 Qe5 27. Rxd8 Rxd8 28. Bd3 Bf8 29. e4 fxe4 30. Bxe4 Bb4 31. Rd3 Rxd3 32. Qxd3 f5 33. Qd8+ Kg7 34. Qd7+ Kh6 35. Qxc6 Qxe4 36. Qxe4 fxe4 37. Ke2 Bc5 38. f3 e3 39. g4 Kg7 0-1

[Event "FIDE WY-U16 Olympiad 2022"]
[Site "Nakhchivan"]
[Date "2022.10.07"]
[Round "6.32"]
[White "Potgieter, Edward"]
[Black "Bashirli, Saadat"]
[Result "1-0"]
[WhiteElo "1567"]
[BlackElo "1508"]
[Annotator "NA RC COMBH"]
[PlyCount "105"]
[EventDate "2022.10.02"]
[EventType "team-tourn"]
[EventCountry "AZE"]
[SourceTitle "playchess.com"]
[Source "ChessBase"]
[SourceQuality "1"]
[WhiteTeam "South Africa"]
[BlackTeam "Azerbaijan"]
[WhiteTeamCountry "RSA"]
[BlackTeamCountry "AZE"]

1. e4 c5 2. Nf3 g6 3. d4 cxd4 4. Qxd4 Nf6 5. Nc3 Nc6 6. Qa4 d6 7. e5 dxe5 8. Nxe5 Bd7 9. Nxd7 Qxd7 10. Be3 Bg7 11. Rd1 Qg4 12. Qb3 Qb4 13. Qxb4 Nxb4 14. Bb5+ Nc6 15. Na4 O-O 16. O-O Rac8 17. Bc5 Ne4 18. Ba3 Nd4 19. Bd3 Nd6 20. Nc3 Rfd8 21. Nd5 Kf8 22. Rfe1 e6 23. Ne3 Kg8 24. c3 Nc6 25. Ba6 Nb8 26. Be2 Ne4 27. Bf3 Nd2 28. Bxb7 Rc7 29. Ba8 Rcd7 30. Bb4 Bh6 31. Ng4 Bg7 32. b3 h5 33. Ne3 Kh7 34. Ba5 Rc8 35. c4 Na6 36. Be4 Nc5 37. Bc2 Rcd8 38. Bxd8 Rxd8 39. Re2 Bc3 40. Nf1 e5 41. Nxd2 f5 42. Nb1 Rxd1+ 43. Bxd1 Bd4 44. Bc2 a5 45. Nd2 e4 46. Nf1 Kg7 47. Rd2 Ne6 48. a3 Kf6 49. Ne3 f4 50. Nd5+ Ke5 51. Re2 Ng5 52. h4 f3 53. Re1 1-0